| 000 | 01009nam a22002537a 4500 | ||
|---|---|---|---|
| 001 | 8456 | ||
| 003 | FISKH | ||
| 005 | 20250912152554.0 | ||
| 008 | 250912b cb ||||| |||| 00| 0 eng d | ||
| 020 | _a9789833578900 | ||
| 040 |
_aFISKH _beng _cFISKH _dFISKH |
||
| 082 | _a813 | ||
| 100 | _aAnonymous | ||
| 245 |
_aGoing down the river : _bBook 2/ |
||
| 260 |
_aSDN BHD : _bFuture Ace, _c2010. |
||
| 300 |
_a24 pages : _bcolor illustrations ; _c26 cm |
||
| 505 | _aG | ||
| 520 | _aThe story follows animals as they journey down the river. Along the way, children are introduced to different animals—such as hippos, flamingos, and others—while also learning simple words and sentences. The book is designed to build early literacy and reading confidence through repetition, bright illustrations, and engaging animal adventures. | ||
| 521 | 8 |
_a300
_bLexile estimate |
|
| 521 | 8 |
_aG
_bRaz-Plus |
|
| 650 |
_aAnimals _vEarly readers _xRiver journey |
||
| 942 |
_2ddc _cBK _n0 |
||
| 999 |
_c8456 _d8456 |
||